00325nam a2200121Ia 4500008004100000041000800041082001600049100001600065245004200081260003500123300003400158365001100192240624s9999 xx 000 0 und d aeng a330.954 JAL aJALAN BIMAL aINDIAN ECONOMY PROBLEMS AND PROSPECTS c2004aNew DelhibPenguin Books axxxiii, : 427 : p. : cm. ; 21 cRSb30